000 01006cam a22003014a 4500
999 _c105742
_d105742
003 BJBSDDR
005 20230411085656.0
007 ta
008 080211s2008 fr b 000 0 fre
020 _a9782258073548 (pbk.)
020 _a2258073545 (pbk.)
035 _a(FrPJT)JTL00218691
040 _aDLC
_cDLC
_bspa
041 _afre
050 1 4 _aTD 169
_bK79g 2008
100 1 _aKohler, Pierre,
_d1945-
245 1 0 _aGreenpeace :
_bLe vrai visage des guerriers verts : document /
_cPierre Kohler.
260 _aParis :
_bPresses de la cité,
_c2008.
300 _a336 p. ;
_c23 cm.
504 _aIncludes bibliographical references (p. 329-[337]).
610 2 0 _aGreenpeace International
_xHistory.
610 2 4 _aGreenpeace Internacional
_xHistoria
650 0 _aEnvironmental protection.
650 4 _aProtección del medio ambiente
_92216
906 _a7
_bcbc
_corigres
_d3
_encip
_f20
_gy-gencatlg
942 _2lcc
_cBK